Optimalizácia marketingovej stratégie vybranej spoločnosti diplomová práca

Uložené v:
Podrobná bibliografia
Hlavný autor: Horan, Anastasiia
Korporativný autor: Obchodná fakulta EU. Katedra marketingu
Ďalší autori: Kopaničová, Janka, 1979-
Médium: Kniha
Jazyk:Slovak
Vydavateľské údaje: Bratislava 2025
Tagy: Pridať tag
Žiadne tagy, Buďte prvý, kto otaguje tento záznam!

MARC

LEADER 00000nbm a2200000 4500
001 0310120
005 20251104083105.5
041 0 |a slo 
044 |a SK 
245 1 0 |a Optimalizácia marketingovej stratégie vybranej spoločnosti  |b diplomová práca  |c Anastasiia Horan ; školiteľ: Janka Kopaničová 
264 1 |a Bratislava  |c 2025 
300 |a 77 s. 
100 1 |a Horan, Anastasiia 
700 1 |a Kopaničová, Janka, 1979- 
710 2 |a Obchodná fakulta EU. Katedra marketingu